[Event "BCC Championship"]
[Site "Berkeley"]
[Date "2008.12.19"]
[Round "8.4"]
[White "Craven, Richard M"]
[Black "Sowell, Nelson M"]
[Result "0-1"]
[WhiteElo "1515"]
[BlackElo "1738"]
[PlyCount "114"]
[EventDate "2008.??.??"]
[SourceDate "2007.10.22"]

1. d4 Nf6 2. Bf4 e6 3. e3 b6 4. Bd3 Bb7 5. f3 Nh5 6. Bg3 Nxg3 7. hxg3 Qg5 8.
Qe2 Qxg3+ 9. Qf2 Qxf2+ 10. Kxf2 h6 11. Nd2 d5 12. Ne2 Nd7 13. a4 a6 14. c3 Be7
15. b4 O-O 16. Rh3 f5 17. Nf4 Kf7 18. Rah1 Bg5 19. Nh5 Rae8 20. f4 Be7 21. Nf3
Rg8 22. Rg1 g6 23. Ng3 Rh8 24. Ne2 Nf6 25. Ne5+ Kg7 26. g4 fxg4 27. Nxg4 Nxg4+
28. Rxg4 g5 29. Ng3 Ref8 30. Nh5+ Kf7 31. Rf3 Ke8 32. Bg6+ Kd8 33. Ng7 Bc8 34.
f5 exf5 35. Bxf5 h5 36. Rg1 g4 37. Rf4 Bd6 38. Ne6+ Bxe6 39. Bxe6 Bxf4 40. exf4
Rxf4+ 41. Kg2 c6 42. b5 axb5 43. axb5 Re8 44. Re1 Rf6 45. bxc6 Rexe6 46. Rxe6
Rxe6 47. Kg3 Re3+ 48. Kh4 Rh3+ 49. Kg5 g3 50. Kf5 g2 51. Ke5 g1=Q 52. Kxd5 Kc7
53. c4 Qg2+ 54. Ke5 Re3+ 55. Kf6 Qf3+ 56. Kg5 Qg4+ 57. Kf6 Re6+ 0-1

[Event "Berkeley CC FNM; 30/90, SD/30"]
[Site "Berkeley"]
[Date "2009.05.08"]
[Round "2.8"]
[White "Craven, Richard M"]
[Black "Stoll, Danny"]
[Result "0-1"]
[WhiteElo "1550"]
[BlackElo "1280"]
[PlyCount "69"]
[EventDate "2009.??.??"]
[SourceDate "2007.10.22"]

1. d4 Nf6 2. c4 g6 3. e3 Bg7 4. Bd3 O-O 5. Ne2 d6 6. b3 Nc6 7. Bb2 Bg4 8. O-O
Nb4 9. f3 Bd7 10. Nbc3 c5 11. d5 Nxd3 12. Qxd3 a6 13. Ne4 Bf5 14. Bxf6 Bxe4 15.
fxe4 Bxf6 16. Nc3 b5 17. Rad1 Qd7 18. Rf2 bxc4 19. Qxc4 Be5 20. Na4 Qg4 21. Nb6
Qxd1+ 22. Rf1 Qd2 23. Nxa8 Qxe3+ 24. Kh1 Qh6 25. g3 Bxg3 26. Qe2 Rxa8 27. Kg1
Be5 28. Rf3 Rb8 29. Qxa6 Qxh2+ 30. Kf1 Bd4 31. Ke1 Qh1+ 32. Rf1 Qxe4+ 33. Qe2
Qb1+ 34. Qd1 Bc3+ 35. Ke2 0-1

[Event "Berkeley CC FNM; 30/90, SD/30"]
[Site "Berkeley"]
[Date "2009.06.05"]
[Round "6.9"]
[White "Craven, Richard M"]
[Black "Zhang, Jeffrey"]
[Result "1/2-1/2"]
[WhiteElo "1550"]
[BlackElo "1385"]
[PlyCount "94"]
[EventDate "2009.??.??"]
[SourceDate "2007.10.22"]

1. d4 e6 2. e4 d5 3. e5 c5 4. c3 Qb6 5. Nf3 Nc6 6. Bd3 cxd4 7. cxd4 Bd7 8. Bc2
Rc8 9. O-O Nh6 10. Nc3 a6 11. Na4 Qc7 12. Bxh6 gxh6 13. a3 Nxe5 14. Nxe5 Qxc2
15. Nxd7 Qxd1 16. Rfxd1 Kxd7 17. Nb6+ Kd8 18. Nxc8 Kxc8 19. Rac1+ Kd7 20. Rd3
Bd6 21. Rh3 Bf4 22. Rcc3 Bg5 23. Rhf3 f5 24. g3 Bf6 25. Rf4 h5 26. h4 Rg8 27.
Rb3 b5 28. a4 Rb8 29. axb5 Rxb5 30. Rxb5 axb5 31. b4 Kc6 32. Kf1 Be7 33. Rf3
Bxb4 34. Re3 Kd7 35. Rb3 Bd6 36. Rxb5 Kc6 37. Rb1 f4 38. Kg2 fxg3 39. fxg3 e5
40. Rc1+ Kd7 41. dxe5 Bxe5 42. Kf3 Kd6 43. g4 hxg4+ 44. Kxg4 d4 45. Kf3 h5 46.
Ke4 Bg3 47. Kxd4 Bxh4 1/2-1/2

[Event "Berkeley CC Ch2011 FNM; 30/90, SD/30"]
[Site "Berkeley"]
[Date "2011.11.11"]
[Round "2.1"]
[White "Cunningham, Robin"]
[Black "Chamberlain, Ethan"]
[Result "1-0"]
[WhiteElo "2277"]
[BlackElo "1925"]
[PlyCount "33"]
[EventDate "2011.??.??"]
[SourceDate "2007.10.22"]

1. e4 c5 2. Nf3 g6 3. c3 d5 4. exd5 Qxd5 5. d4 Bg7 6. Na3 cxd4 7. Bc4 Qe4+ 8.
Be3 Nh6 9. Nb5 O-O 10. cxd4 a6 11. Nc3 Qg4 12. h3 Qd7 13. Ne5 Qd8 14. O-O Nd7
15. g4 Nb6 16. Bb3 Bd7 17. Qd2 1-0

[Event "Berkeley CS Rubinstein FNM; 30/90, SD/3"]
[Site "Berkeley"]
[Date "2011.08.26"]
[Round "5.1"]
[White "Cunningham, Robin"]
[Black "Chamberlain, Ethan"]
[Result "1-0"]
[WhiteElo "2288"]
[BlackElo "1931"]
[PlyCount "61"]
[EventDate "2011.??.??"]
[SourceDate "2007.10.22"]

1. e4 c5 2. Nf3 g6 3. c3 d5 4. exd5 Qxd5 5. d4 Bg7 6. Be3 cxd4 7. cxd4 Qa5+ 8.
Nc3 Nf6 9. Bc4 O-O 10. O-O Nc6 11. d5 Rd8 12. Qb3 Nb4 13. Rfd1 Bg4 14. a3 Bxf3
15. gxf3 Na6 16. Qxb7 Nc5 17. Qb4 Qxb4 18. axb4 Nb7 19. Bxa7 Nd6 20. Be2 Nh5
21. Bb6 Rxa1 22. Rxa1 Rc8 23. Be3 Be5 24. Ra7 Kf8 25. Ba6 Rb8 26. b5 Nc4 27.
Bc5 Nd2 28. Rxe7 Nxf3+ 29. Kg2 Nh4+ 30. Kf1 Bxh2 31. Re4+ 1-0

[Event "Berkeley CC Christiansen FNM; 30/90, SD/"]
[Site "Berkeley"]
[Date "2012.06.01"]
[Round "4.1"]
[White "Cunningham, Robin"]
[Black "Hatarik, Robert"]
[Result "1/2-1/2"]
[WhiteElo "2260"]
[BlackElo "2088"]
[PlyCount "93"]
[EventDate "2012.??.??"]

1. e4 e5 2. Nf3 Nc6 3. Nc3 Nf6 4. Bb5 Nd4 5. Nxe5 Qe7 6. f4 Nxb5 7. Nxb5 d6 8.
Nf3 Qxe4+ 9. Kf2 Ng4+ 10. Kg3 Qc4 11. Re1+ Kd8 12. Qe2 Qxe2 13. Rxe2 c6 14. Ng5
Nh6 15. Nd4 Be7 16. d3 Bxg5 17. fxg5 Nf5+ 18. Nxf5 Bxf5 19. Bf4 Kd7 20. Rae1
Be6 21. c4 Rhe8 22. b3 Re7 23. h3 Rae8 24. Kf3 Bf5 25. Rxe7+ Rxe7 26. Rxe7+
Kxe7 27. Ke3 c5 28. a3 Bd7 29. d4 cxd4+ 30. Kxd4 Bc6 31. g3 Ke6 32. b4 a6 33.
h4 Ba4 34. c5 d5 35. Be5 g6 36. Bf6 Bb5 37. Bg7 Ba4 38. Kc3 Kf5 39. Kd4 Ke6 40.
Bf8 Bb5 41. Bd6 Ba4 42. Kc3 Kf5 43. Kd3 Bb5+ 44. Ke3 Ba4 45. Kd4 Ke6 46. Ke3
Kf5 47. Kd4 1/2-1/2

[Event "Berkeley CC Ch2011 FNM; 30/90, SD/30"]
[Site "Berkeley"]
[Date "2011.11.25"]
[Round "4.1"]
[White "Cunningham, Robin"]
[Black "Karas, Nicholas"]
[Result "1/2-1/2"]
[WhiteElo "2277"]
[BlackElo "2120"]
[PlyCount "41"]
[EventDate "2011.??.??"]
[SourceDate "2007.10.22"]

1. e4 c6 2. d4 d5 3. exd5 cxd5 4. c4 Nf6 5. Nc3 e6 6. Nf3 Bb4 7. cxd5 Nxd5 8.
Bd2 Bxc3 9. bxc3 O-O 10. Bd3 b6 11. O-O Bb7 12. c4 Nf6 13. Re1 Nbd7 14. Bg5 Qc7
15. Ne5 Nxe5 16. Rxe5 Ne8 17. Bf4 Qd7 18. Be3 f6 19. Rh5 g6 20. Rh3 Ng7 21. Qb3
1/2-1/2

[Event "Berkeley CS Rubinstein FNM; 30/90, SD/3"]
[Site "Berkeley"]
[Date "2011.08.12"]
[Round "3.1"]
[White "Cunningham, Robin"]
[Black "Narayanan, Praveen"]
[Result "1/2-1/2"]
[WhiteElo "2288"]
[BlackElo "1938"]
[PlyCount "93"]
[EventDate "2011.??.??"]
[SourceDate "2007.10.22"]

1. d4 Nf6 2. Nc3 d5 3. Bg5 Bf5 4. Bxf6 exf6 5. e3 Nc6 6. Bd3 Bxd3 7. Qxd3 Bb4
8. Nf3 Qd7 9. O-O O-O 10. Ne2 Bd6 11. c4 dxc4 12. Qxc4 Qe6 13. Rac1 Qxc4 14.
Rxc4 Rfe8 15. Rfc1 a6 16. Ne1 Nb4 17. a3 Nd5 18. g3 g6 19. R4c2 f5 20. Nd3 h5
21. Nef4 Nxf4 22. gxf4 c6 23. Nc5 Re7 24. a4 f6 25. h4 Kh7 26. Kg2 Bxc5 27.
Rxc5 Rc8 28. Kf3 Rd8 29. b4 Rdd7 30. b5 axb5 31. axb5 cxb5 32. Rxb5 Kg7 33. Rb6
Kf7 34. Rcb1 Kg7 35. R1b5 Kf7 36. Rc5 Rc7 37. Rxc7 Rxc7 38. d5 Rd7 39. e4 Re7
40. e5 fxe5 41. fxe5 Rxe5 42. Rxb7+ Kf6 43. Rb6+ Kf7 44. Rb7+ Kf6 45. Rb6+ Kf7
46. d6 Re4 47. d7 1/2-1/2

[Event "Berkeley CC Ch2011 FNM; 30/90, SD/30"]
[Site "Berkeley"]
[Date "2011.12.09"]
[Round "6.1"]
[White "Cunningham, Robin"]
[Black "Rumph, Todd F"]
[Result "1/2-1/2"]
[WhiteElo "2277"]
[BlackElo "2176"]
[PlyCount "35"]
[EventDate "2011.??.??"]
[SourceDate "2007.10.22"]

1. e4 e5 2. Nf3 Nc6 3. Nc3 Nf6 4. Bb5 Bb4 5. O-O O-O 6. d3 d6 7. Bg5 Bxc3 8.
bxc3 Qe7 9. Re1 Nd8 10. d4 c6 11. Bf1 Ne6 12. Bc1 Rd8 13. Nh4 g6 14. g3 Nd7 15.
a4 c5 16. d5 Ng7 17. Bh3 Rf8 18. Bh6 1/2-1/2

[Event "Berkeley CC Capablanca FNM; 30/90, SD/3"]
[Site "Berkeley"]
[Date "2011.09.16"]
[Round "1.1"]
[White "Cunningham, Robin"]
[Black "Sowell, Nelson M"]
[Result "1-0"]
[WhiteElo "2283"]
[BlackElo "1717"]
[PlyCount "88"]
[EventDate "2011.??.??"]
[SourceDate "2007.10.22"]

1. e4 Nf6 2. e5 Nd5 3. d4 d6 4. c4 Nb6 5. f4 dxe5 6. fxe5 Nc6 7. Be3 Bf5 8. Nc3
e6 9. Nf3 Bg4 10. Qd2 Bb4 11. Be2 O-O 12. O-O Na4 13. a3 Nxc3 14. bxc3 Be7 15.
h3 Bh5 16. Bd3 Bg6 17. Bxg6 hxg6 18. Bg5 Qd7 19. c5 Na5 20. Rae1 b6 21. Qf4 f6
22. exf6 gxf6 23. Bh6 bxc5 24. Bxf8 Rxf8 25. Qe4 f5 26. Qxe6+ Qxe6 27. Rxe6 Kf7
28. Ra6 Nc4 29. Ra4 Ne3 30. Ne5+ Kg7 31. Rf3 f4 32. Rxa7 Bd6 33. Kf2 g5 34.
Rxe3 fxe3+ 35. Kxe3 Rf1 36. Nf3 Bf4+ 37. Ke2 Rc1 38. g3 Bxg3 39. Nxg5 cxd4 40.
cxd4 Bd6 41. Ne4 Bh2 42. Ra5 Ra1 43. h4 Ra2+ 44. Ke3 Kf7 {remainder illegible}
1-0

[Event "Berkeley CS Rubinstein FNM; 30/90, SD/3"]
[Site "Berkeley"]
[Date "2011.07.29"]
[Round "1.1"]
[White "Cunningham, Robin"]
[Black "Stern, Benjamin P"]
[Result "1-0"]
[WhiteElo "2288"]
[BlackElo "1825"]
[PlyCount "99"]
[EventDate "2011.??.??"]
[SourceDate "2007.10.22"]

1. e4 c5 2. Nf3 d6 3. c3 Nf6 4. Be2 Nc6 5. d4 Bg4 6. d5 Bxf3 7. Bxf3 Ne5 8. Be2
Qa5 9. Qb3 Rb8 10. Qb5+ Qxb5 11. Bxb5+ Ned7 12. f3 a6 13. Bxd7+ Nxd7 14. a4 g6
15. a5 Bg7 16. Nd2 Ne5 17. Ke2 Bh6 18. g3 Bxd2 19. Bxd2 c4 20. Ra4 Rc8 21. f4
Nd7 22. Be3 O-O 23. Rd1 f5 24. Rb4 Rc7 25. Rd4 Nf6 26. e5 Ng4 27. Rdxc4 Rxc4
28. Rxc4 dxe5 29. fxe5 Nxe5 30. Rc7 Rd8 31. c4 Rd7 32. Rxd7 Nxd7 33. c5 Ne5 34.
Bf4 Nc6 35. dxc6 bxc6 36. Ke3 Kf7 37. Kd4 Kf6 38. h4 h6 39. Bxh6 e5+ 40. Kc4
Kf7 41. b3 Ke6 42. b4 Kf7 43. b5 cxb5+ 44. Kd5 Ke7 45. Kxe5 Kd7 46. Kd5 Kc7 47.
Bf4+ Kd8 48. c6 Ke7 49. Bd6+ Kd8 50. Kc5 1-0

[Event "Berkeley CC Christiansen FNM; 30/90, SD/"]
[Site "Berkeley"]
[Date "2012.06.15"]
[Round "6.2"]
[White "Cunningham, Robin"]
[Black "Watson, Farid Mark"]
[Result "1-0"]
[WhiteElo "2260"]
[BlackElo "2062"]
[PlyCount "50"]
[EventDate "2012.??.??"]

1. e4 c5 2. Nf3 g6 3. c3 d5 4. exd5 Qxd5 5. d4 Bg7 6. Na3 cxd4 7. Bc4 Qe4+ 8.
Be3 h6 (8... dxe3 9. Bxf7+ Kxf7 (9... Kf8 10. Qd8+) 10. Ng5+) 9. cxd4 a6 10.
Qb3 e6 11. Bd3 Qd5 12. Nc4 Nd7 13. Be4 Qh5 14. Nd6+ Kf8 15. Bxb7 Bxb7 16. Qxb7
Rd8 17. Qxa6 Ngf6 18. Rc1 Nd5 19. Nb7 Rb8 20. Qd6+ Ke8 21. Nc5 N5f6 22. Ne5 Bf8
23. Ncxd7 Bxd6 24. Nxf6+ Kf8 25. Nxh5 Bxe5 1-0

[Event "Berkeley CC Ch2011 FNM; 30/90, SD/30"]
[Site "Berkeley"]
[Date "2011.11.18"]
[Round "3.8"]
[White "Curto, Wayne"]
[Black "Acosta, Anthony"]
[Result "1-0"]
[WhiteElo "1900"]
[BlackElo "1643"]
[PlyCount "24"]
[EventDate "2011.??.??"]
[SourceDate "2007.10.22"]

1. d4 e6 2. Nf3 Nf6 3. Bf4 c5 4. c3 d5 5. Bxb8 Rxb8 6. Qa4+ Bd7 7. Qxa7 cxd4 8.
Qxd4 Bd6 9. e3 O-O 10. Be2 b5 11. O-O Re8 12. Ne5 b4 {remainder illegible} 1-0

[Event "Berkeley CC Colle FNM; 30/90, SD/30"]
[Site "Berkeley"]
[Date "2011.06.17"]
[Round "2.2"]
[White "Curto, Wayne"]
[Black "Chamberlain, Ethan"]
[Result "1/2-1/2"]
[WhiteElo "1900"]
[BlackElo "1966"]
[PlyCount "99"]
[EventDate "2011.??.??"]
[SourceDate "2007.10.22"]

1. d4 Nf6 2. Nf3 g6 3. Bf4 Bg7 4. e3 O-O 5. Bd3 b6 6. Qe2 Bb7 7. h3 Ne4 8. O-O
c5 9. c3 d6 10. Bh2 Nd7 11. Nbd2 Ndf6 12. Ba6 Qc8 13. Bxb7 Qxb7 14. Nxe4 Nxe4
15. Nd2 Nxd2 16. Qxd2 cxd4 17. cxd4 Rac8 18. Rac1 Qd5 19. b3 e5 20. Qb4 Qe6 21.
dxe5 Rxc1 22. Rxc1 Rc8 23. Rxc8+ Qxc8 24. Bg3 dxe5 25. Qe7 Qb8 26. Kh2 f5 27.
f3 a5 28. a4 b5 29. Qe6+ Kf8 30. axb5 Qxb5 31. Bh4 Qc5 32. Bd8 e4 33. f4 Bb2
34. Bb6 Qe7 35. Qxe7+ Kxe7 36. Bxa5 Bc1 37. Bb6 Bd2 38. Bc5+ Kd7 39. Kg3 Be1+
40. Kh2 Kc6 41. Ba7 Kb5 42. Kg1 Kb4 43. Kf1 Bc3 44. Ke2 Kxb3 45. Bb8 Kc4 46.
Ba7 Bb4 47. Bd4 Bc3 48. Ba7 Bf6 49. Bb8 Bh4 50. Be5 1/2-1/2

[Event "Berkeley CC Ch2011 FNM; 30/90, SD/30"]
[Site "Berkeley"]
[Date "2011.12.02"]
[Round "5.9"]
[White "Curto, Wayne"]
[Black "Colchero, Olie"]
[Result "1-0"]
[WhiteElo "1900"]
[BlackElo "1035"]
[PlyCount "33"]
[EventDate "2011.??.??"]
[SourceDate "2007.10.22"]

1. d4 Nf6 2. Nf3 g6 3. Bf4 Bg7 4. e3 c5 5. c3 O-O 6. Bd3 d6 7. h3 Nbd7 8. O-O
a6 9. Nbd2 b5 10. Rc1 Rb8 11. Qe2 Qa5 12. Bb1 Rb6 13. dxc5 Rc6 14. Nd4 Rc7 15.
cxd6 Ra7 16. dxe7 Re8 17. Nc6 1-0

[Event "Berkeley CS Rubinstein FNM; 30/90, SD/3"]
[Site "Berkeley"]
[Date "2011.08.05"]
[Round "2.1"]
[White "Curto, Wayne"]
[Black "Cunningham, Robin"]
[Result "0-1"]
[WhiteElo "1905"]
[BlackElo "2288"]
[PlyCount "54"]
[EventDate "2011.??.??"]
[SourceDate "2007.10.22"]

1. d4 f5 2. Nf3 Nf6 3. Bf4 d6 4. h3 g6 5. c3 Bg7 6. Nbd2 Nc6 7. e3 Nh5 8. Bg5
h6 9. Bh4 g5 10. Ne5 Nf6 11. Nxc6 bxc6 12. Bg3 Rb8 13. Qc2 e6 14. Bc4 Qe7 15.
O-O O-O 16. b4 Kh8 17. Bd3 Bd7 18. Nc4 Nd5 19. Rae1 f4 20. Bh2 f3 21. Be4 fxg2
22. Bxg2 Rf7 23. f4 Rbf8 24. Qd2 gxf4 25. exf4 Qh4 26. Rf3 Qh5 27. Ref1 Bf6 {
W time exp} 0-1

[Event "Berkeley CS Rubinstein FNM; 30/90, SD/3"]
[Site "Berkeley"]
[Date "2011.09.02"]
[Round "6.7"]
[White "Curto, Wayne"]
[Black "Deng, David"]
[Result "1-0"]
[WhiteElo "1905"]
[BlackElo "1444"]
[PlyCount "67"]
[EventDate "2011.??.??"]
[SourceDate "2007.10.22"]

1. d4 Nf6 2. Nf3 d5 3. Bf4 Bf5 4. e3 e6 5. Bd3 Bg6 6. O-O Nbd7 7. Qe2 c5 8. c3
Qb6 9. Bxg6 hxg6 10. Qc2 Ne4 11. Nbd2 Nxd2 12. Qxd2 Bd6 13. Bxd6 Qxd6 14. Rac1
Rc8 15. c4 dxc4 16. Rxc4 b5 17. Rc2 Ke7 18. Rfc1 Rc7 19. dxc5 Rxc5 20. Rxc5
Nxc5 21. Qc3 Na4 22. Qxg7 Rd8 23. h4 Ke8 24. Ne5 Qe7 25. Nc6 Qxh4 26. Qg8+ Kd7
27. Nxd8 Nxb2 28. Nxf7 Nc4 29. Rd1+ Kc6 30. Qxg6 Qe7 31. Nd8+ Kb6 32. Nxe6 Ka5
33. Nd4 a6 34. Nc6+ 1-0

[Event "Berkeley CC Capablanca FNM; 30/90, SD/3"]
[Site "Berkeley"]
[Date "2011.09.23"]
[Round "2.17"]
[White "Curto, Wayne"]
[Black "Glasscoe, Alan"]
[Result "1-0"]
[WhiteElo "1900"]
[BlackElo "1808"]
[PlyCount "37"]
[EventDate "2011.??.??"]
[SourceDate "2007.10.22"]

1. d4 Nf6 2. Nf3 d6 3. Bf4 c6 4. c3 Nbd7 5. e3 Qc7 6. Bc4 h6 7. Nbd2 e5 8. dxe5
dxe5 9. Bg3 Be7 10. Qc2 O-O 11. Nh4 Nb6 12. Bb3 Kh8 13. Ndf3 Bd6 14. Rd1 Bg4
15. Rxd6 Qxd6 16. Nxe5 Qc5 17. Bxf7 Rxf7 18. Nxf7+ Kg8 19. Nxh6+ 1-0

[Event "Berkeley CC Capablanca FNM; 30/90, SD/3"]
[Site "Berkeley"]
[Date "2011.10.07"]
[Round "4.3"]
[White "Curto, Wayne"]
[Black "Karas, Nicholas"]
[Result "0-1"]
[WhiteElo "1900"]
[BlackElo "2103"]
[PlyCount "144"]
[EventDate "2011.??.??"]
[SourceDate "2007.10.22"]

1. d4 Nf6 2. Nf3 c5 3. c3 cxd4 4. cxd4 g6 5. Bf4 Bg7 6. e3 O-O 7. Nc3 d6 8. h3
Nbd7 9. Bc4 a6 10. O-O b5 11. Bb3 Bb7 12. Qe2 b4 13. Nb1 a5 14. Nbd2 a4 15. Bc4
Ra5 16. Rfd1 Qa8 17. a3 bxa3 18. Rxa3 e5 19. Bh2 exd4 20. exd4 Re8 21. Qd3 Bf8
22. Bb5 Bxf3 23. Nxf3 Rb8 24. Bxd7 Nxd7 25. b3 axb3 26. Rxb3 Rc8 27. Rdb1 Ra2
28. Rc3 Re8 29. Rc2 Ra1 30. Rcc1 Ra3 31. Qb5 Nf6 32. Re1 Rxe1+ 33. Rxe1 Ne4 34.
Bf4 Ra2 35. Re2 Nc3 36. Rxa2 Qxa2 37. Qg5 Ne2+ 38. Kh2 Nxf4 39. Qxf4 Qxf2 40.
Qf6 Qe3 41. Ng5 Qe7 42. Qxe7 Bxe7 43. Ne4 f5 44. Nd2 Bf6 45. d5 Bc3 46. Nc4 Kg7
47. Kg3 Kf6 48. Kf3 Bb4 49. h4 h6 50. Kg3 Bc3 51. Kf3 Be5 52. Na5 Ke7 53. Nc6+
Kd7 54. g3 Bf6 55. Kf4 h5 56. Ke3 Kc7 57. Nb4 Be5 58. Kf3 Kb6 59. Nd3 Kb5 60.
Nf4 Bxf4 61. Kxf4 Kc4 62. Kg5 Kxd5 63. Kxg6 Ke6 64. Kxh5 Kf6 $8 65. g4 d5 66.
g5+ Kg7 67. g6 d4 68. Kg5 d3 69. h5 d2 70. h6+ Kg8 71. Kf6 d1=Q 72. Kxf5 Qh5+
0-1

[Event "Berkeley CC Colle FNM; 30/90, SD/30"]
[Site "Berkeley"]
[Date "2011.07.08"]
[Round "5.4"]
[White "Curto, Wayne"]
[Black "Krasnov, Steven"]
[Result "1/2-1/2"]
[WhiteElo "1900"]
[BlackElo "1956"]
[PlyCount "101"]
[EventDate "2011.??.??"]
[SourceDate "2007.10.22"]

1. d4 Nf6 2. Nf3 b6 3. e3 e6 4. Bd3 Bb7 5. Nbd2 c5 6. Qe2 Nc6 7. c3 Be7 8. O-O
O-O 9. e4 cxd4 10. Nxd4 Ne5 11. Ba6 Qc7 12. Bxb7 Qxb7 13. b3 Rac8 14. Bb2 a6
15. c4 d6 16. Rad1 Rfe8 17. Rfe1 Nfd7 18. N2f3 Nxf3+ 19. Nxf3 b5 20. cxb5 axb5
21. Rc1 Rxc1 22. Rxc1 Nc5 23. Nd4 Rb8 24. Re1 Bf6 25. Qe3 b4 26. Ba1 Qa6 27.
Re2 Rc8 28. Rc2 h6 29. g3 Qa8 30. f3 Qa6 31. Kg2 Ra8 32. Qd2 Qd3 33. Qxd3 Nxd3
34. Kf1 Ra5 35. Nc6 Rc5 36. Rxc5 dxc5 37. e5 Bg5 38. f4 Nxf4 39. gxf4 Bxf4 40.
h3 Kf8 41. Nb8 Ke7 42. Na6 Be3 43. Ke2 Bg1 44. Kd3 Kd7 45. Kc4 Kc6 46. Bb2 g5
47. a3 Kb6 48. Nb8 Kc7 49. Na6+ Kb6 50. Nb8 Kc7 51. Na6+ 1/2-1/2

[Event "Berkeley CS Rubinstein FNM; 30/90, SD/3"]
[Site "Berkeley"]
[Date "2011.07.29"]
[Round "1.6"]
[White "Curto, Wayne"]
[Black "Landrum, Brett"]
[Result "1-0"]
[WhiteElo "1905"]
[BlackElo "1586"]
[PlyCount "133"]
[EventDate "2011.??.??"]
[SourceDate "2007.10.22"]

1. d4 d5 2. Nf3 Nc6 3. Bf4 Nf6 4. Nbd2 Bf5 5. c3 e6 6. e3 a6 7. Be2 Bd6 8. Bg5
h6 9. Bh4 Be7 10. Bg3 Nh5 11. Ne5 Nxe5 12. Bxe5 Nf6 13. O-O O-O 14. Nf3 Ne4 15.
Nd2 c5 16. Nxe4 Bxe4 17. Bd3 Bxd3 18. Qxd3 c4 19. Qe2 Bd6 20. Bxd6 Qxd6 21. f3
f5 22. e4 fxe4 23. fxe4 Rf4 24. Rxf4 Qxf4 25. exd5 exd5 26. Qe6+ Qf7 27. Re1
Rd8 28. Qe7 Rd7 29. Qe8+ Qxe8 30. Rxe8+ Kf7 31. Rb8 Kf6 32. Kf2 Kf5 33. Kf3 h5
34. h4 Rf7 35. g3 Ke6+ 36. Ke2 Kf5 37. Kf3 Ke6+ 38. Kg2 Kd6 39. Rd8+ Kc6 40.
Rc8+ Kd7 41. Rb8 Kc7 42. Re8 g6 43. Re6 Rg7 44. a4 Kd7 45. Rb6 Kc7 46. a5 Rg8
47. Rf6 Kd7 48. Kf3 Rg7 49. Kf4 Re7 50. Rxg6 Re2 51. Rb6 Kc7 52. Kg5 Rg2 53.
Kxh5 Rxg3 54. Kh6 Rg1 55. h5 Ra1 56. Kg7 Rxa5 57. Rg6 Ra1 58. h6 Re1 59. h7
Re7+ 60. Kh6 Rxh7+ 61. Kxh7 a5 62. Kh6 b5 63. Kg5 Kb7 64. Kf4 b4 65. Ke5 bxc3
66. bxc3 a4 67. Kxd5 1-0

[Event "Berkeley CC Colle FNM; 30/90, SD/30"]
[Site "Berkeley"]
[Date "2011.07.01"]
[Round "4.1"]
[White "Curto, Wayne"]
[Black "Poehlmann, Roger M"]
[Result "0-1"]
[WhiteElo "1900"]
[BlackElo "2276"]
[PlyCount "100"]
[EventDate "2011.??.??"]
[SourceDate "2007.10.22"]

1. d4 e6 2. Nf3 c5 3. c3 Nf6 4. Bf4 b6 5. e3 Bb7 6. Nbd2 Be7 7. Bd3 cxd4 8.
exd4 Nd5 9. Bg3 f5 10. h3 O-O 11. Qe2 Qe8 12. Nc4 Qh5 13. Nce5 f4 14. Bh2 d6
15. Nc4 Nc7 16. Ncd2 Nd7 17. O-O-O b5 18. Be4 Bxe4 19. Qxe4 Qd5 20. Qxd5 Nxd5
21. Rhe1 Rf6 22. Re2 Nf8 23. Rde1 Rf7 24. Kc2 Rc8 25. Kd3 g5 26. g3 h5 27. gxf4
Ng6 28. Kc2 Ngxf4 29. Bxf4 Nxf4 30. Re4 Rcf8 31. Rh1 Rg7 32. Rh2 Kf7 33. h4 d5
34. Re1 g4 35. Ne5+ Ke8 36. Nd3 Kd7 37. Nf1 Nxd3 38. Kxd3 Bd6 39. Rg2 Rgf7 40.
Ng3 Rxf2 41. Rxf2 Rxf2 42. Nxh5 g3 43. Rg1 Rh2 44. Ke3 Rxb2 45. Nxg3 Rxa2 46.
h5 Rh2 47. Kf3 a5 48. Kg4 a4 49. Kg5 a3 50. Kg6 Bxg3 0-1

[Event "BCC Adolf Anderssen Marathon"]
[Site "?"]
[Date "2009.01.09"]
[Round "1"]
[White "David Trestor"]
[Black "Clara, John"]
[Result "0-1"]
[WhiteElo "1710"]
[BlackElo "1365"]
[PlyCount "68"]
[EventDate "11.??.??"]
[SourceDate "2007.10.22"]

1. e4 c6 2. d4 d5 3. e5 Bf5 4. c4 e6 5. Nf3 Nd7 6. Nc3 Bb4 7. Bd3 Ne7 8. O-O
Bxc3 9. bxc3 Nb6 10. c5 Bxd3 11. Qxd3 Nc4 12. Bg5 h6 13. Bh4 g5 14. Nxg5 hxg5
15. Bxg5 Qd7 16. Qf3 Rh7 17. Qf6 Ng8 18. Qf4 Qc7 19. Rab1 Kd7 20. Rb3 Rf8 21.
Rfb1 Na5 22. Ra3 a6 23. g4 Kc8 24. h4 Nc4 25. Rab3 Na5 26. Rb4 f6 27. h5 f5 28.
f3 Qg7 29. Qc1 fxg4 30. fxg4 Nh6 31. Rxb7 Nxb7 32. Rxb7 Kxb7 33. Qb2+ Ka8 34.
Qb6 Qb7 0-1

[Event "Berkeley CC Colle FNM; 30/90, SD/30"]
[Site "Berkeley"]
[Date "2011.07.08"]
[Round "5.5"]
[White "Delaney, Will F"]
[Black "Glasscoe, Alan"]
[Result "0-1"]
[WhiteElo "1837"]
[BlackElo "1801"]
[PlyCount "70"]
[EventDate "2011.??.??"]
[SourceDate "2007.10.22"]

1. Nf3 Nc6 2. d4 d6 3. Bf4 Nf6 4. Nbd2 Bf5 5. c3 e6 6. h3 Be7 7. g4 Bg6 8. Bg2
h5 9. g5 Nd5 10. e3 Nxf4 11. exf4 Qd7 12. h4 d5 13. Ne5 Nxe5 14. fxe5 Qb5 15.
Qb3 Qb6 16. Qa4+ Qc6 17. Qxc6+ bxc6 18. b4 Kd7 19. Nb3 Bd3 20. Rh3 Bf5 21. Re3
f6 22. f4 fxe5 23. fxe5 Rhf8 24. a3 Bg4 25. c4 Rf4 26. Rc1 Raf8 27. Rc2 Bf5 28.
Rcc3 Rxh4 29. b5 c5 30. cxd5 cxd4 31. dxe6+ Kc8 32. Na5 Bxe6 33. Nc6 Bxg5 34.
Nxd4 Rxd4 35. Re2 Bh4+ 0-1

[Event "Berkeley CC Reti FNM; 30/90, SD/60"]
[Site "Berkeley CA"]
[Date "2011.04.29"]
[Round "2.11"]
[White "Delaney, Will F"]
[Black "Landrum, Brett Joh"]
[Result "1-0"]
[WhiteElo "1853"]
[BlackElo "1617"]
[PlyCount "83"]
[EventDate "2011.??.??"]
[SourceDate "2007.10.22"]

1. e4 e5 2. Nf3 Nc6 3. d3 Nf6 4. g3 Bc5 5. Bg2 d6 6. O-O O-O 7. c3 Bg4 8. a4 a6
9. Nbd2 h6 10. Re1 Nh7 11. Nf1 Ne7 12. Ne3 Bxe3 13. Bxe3 Qc8 14. d4 exd4 15.
cxd4 f5 16. Qb3+ Kh8 17. e5 d5 18. Nd2 c6 19. f4 Re8 20. Rac1 Nf8 21. Qb6 Ne6
22. b4 Qc7 23. Qxc7 Nxc7 24. Nb3 Ne6 25. Nc5 Nxc5 26. bxc5 Kg8 27. Rb1 Rab8 28.
Bd2 Nc8 29. Ba5 Re7 30. Bf1 Ra8 31. Kf2 Kf7 32. Bd8 Re6 33. Rxb7+ Ke8 34. Ba5
Re7 35. Reb1 Rxb7 36. Rxb7 Ra7 37. Rxa7 Nxa7 38. Bb6 Nc8 39. Bxa6 Kd7 40. e6+
Kxe6 41. Bxc8+ Ke7 42. a5 1-0

[Event "Berkeley CC Colle FNM; 30/90, SD/30"]
[Site "Berkeley"]
[Date "2011.06.17"]
[Round "2.7"]
[White "Delaney, Will F"]
[Black "Lesquillier, Walter"]
[Result "1-0"]
[WhiteElo "1837"]
[BlackElo "1722"]
[PlyCount "65"]
[EventDate "2011.??.??"]
[SourceDate "2007.10.22"]

1. e4 e5 2. Nf3 Nc6 3. d3 Bc5 4. Nxe5 Nxe5 5. d4 Bxd4 6. Qxd4 Qf6 7. Be3 Ng4 8.
Qxf6 N8xf6 9. Bd4 O-O 10. f3 Re8 11. Nc3 d5 12. O-O-O dxe4 13. fxg4 Bxg4 14.
Be2 Bxe2 15. Nxe2 Nd5 16. Nc3 c6 17. Rhf1 b6 18. Rde1 Nxc3 19. Bxc3 Re7 20. Rf4
Rae8 21. Re3 h5 22. Rg3 g6 23. Rg5 e3 24. Kd1 e2+ 25. Ke1 Rd7 26. Rd4 Rxd4 27.
Bxd4 Re6 28. Re5 Kf8 29. Rxe6 fxe6 30. Kxe2 g5 31. Ke3 Kf7 32. Ke4 c5 33. Be5
1-0

[Event "Berkeley CC Capablanca FNM; 30/90, SD/3"]
[Site "Berkeley"]
[Date "2011.09.16"]
[Round "1.16"]
[White "Delaney, Will F"]
[Black "Sadowsky, Jacob"]
[Result "0-1"]
[WhiteElo "1800"]
[BlackElo "1450"]
[PlyCount "46"]
[EventDate "2011.??.??"]
[SourceDate "2007.10.22"]

1. d4 d5 2. Nf3 Nf6 3. c3 Bf5 4. Bf4 c5 5. dxc5 Nc6 6. e3 e6 7. b4 g6 8. h3 Bg7
9. Nbd2 Ne4 10. Nxe4 Bxe4 11. Nd4 e5 12. Nxc6 bxc6 13. Bg3 O-O 14. Qa4 d4 15.
f3 dxe3 16. Rd1 Qg5 17. Bh2 Bxf3 18. gxf3 Qh4+ 19. Ke2 Qf2+ 20. Kd3 Rad8+ 21.
Kc4 e2 22. Bxe2 Qxe2+ 23. Kb3 Rxd1 0-1